A rectorial address delivered to the students in the University of St. Andrews, 17th October, 1905 / (Record no. 19080)

MARC details
000 -LEADER
fixed length control field 00690cam a22002051a 4500
001 - CONTROL NUMBER
control field e 10002012
003 - CONTROL NUMBER IDENTIFIER
control field DLC
005 - DATE AND TIME OF LATEST TRANSACTION
control field 20260227111154.0
008 - FIXED-LENGTH DATA ELEMENTS--GENERAL INFORMATION
fixed length control field 840227s1905 stk 000 0 eng
010 ## - LIBRARY OF CONGRESS CONTROL NUMBER
LC control number e 10002012
035 ## - SYSTEM CONTROL NUMBER
System control number (OCoLC)10461789
040 ## - CATALOGING SOURCE
Original cataloging agency DLC
Transcribing agency CtHT
Modifying agency CtHT
-- DLC
042 ## - AUTHENTICATION CODE
Authentication code premarc
050 00 - LIBRARY OF CONGRESS CALL NUMBER
Classification number JX1963
Item number .C363
100 1# - MAIN ENTRY--PERSONAL NAME
Personal name Carnegie, Andrew,
Dates associated with a name 1835-1919.
245 12 - TITLE STATEMENT
Title A rectorial address delivered to the students in the University of St. Andrews, 17th October, 1905 /
Statement of responsibility, etc. by Andrew Carnegie.
260 ## - PUBLICATION, DISTRIBUTION, ETC.
Place of publication, distribution, etc. St. Andrews :
Name of publisher, distributor, etc. Editing Committee of the Students' Representative Council of St. Andrews University,
Date of publication, distribution, etc. 1905.
300 ## - PHYSICAL DESCRIPTION
Extent 54 p. ;
Dimensions 22 cm.
650 #0 - SUBJECT ADDED ENTRY--TOPICAL TERM
Topical term or geographic name entry element War.

No items available.

Powered by Koha